000 01135nam a2200325 a 4500
001 ELB68052
003 FlNmELB
006 m o d |
007 cr cn|||||||||
008 201212r2008 cl |||||s|||||||||||spa d
020 _z9789562846486
035 _a(MiAaPQ)EBC3204528
035 _a(Au-PeEL)EBL3204528
035 _a(CaPaEBR)ebr10625705
035 _a(OCoLC)929384445
040 _aFlNmELB
_bspa
_cFlNmELB
050 4 _aF3081
_bG643 2008
080 _a321.7(83)
082 0 4 _a983
_222
100 1 _aGonzález Aravena, Jorge.
245 1 4 _aThe effect of ambiguity in the chilean transition
_h[recurso electronico] /
_cJorge González Aravena.
260 _aSantiago de Chile :
_bRIL editores,
_c2008.
300 _a226 p.
533 _aRecurso electrónico. Santa Fe, Arg.: e-libro, 2015. Disponible vía World Wide Web. El acceso puede estar limitado para las bibliotecas afiliadas a e-libro.
651 4 _aChile
_xHistoria política.
651 0 _aChile
_xPolitics and government.
655 4 _aLibros electrónicos.
710 2 _ae-libro, Corp.
856 4 0 _uhttps://elibro.net/ereader/usam/68052
999 _c155076
_d155076